书目信息 |
| 题名: |
大题小作
|
|
| 作者: | 张丽 著 | |
| 分册: | ||
| 出版信息: | 北京 法律出版社 2011.6 |
|
| 页数: | 344页 | |
| 开本: | 21cm | |
| 丛书名: | ||
| 单 册: | ||
| 中图分类: | D609.9 | |
| 科图分类: | ||
| 主题词: | 时事评论--中国--现代--选集 , 时事评论 | |
| 电子资源: | ||
| ISBN: | 978-7-5118-1989-5 | |
| 000 | 00891nam0 2200253 45 | |
| 001 | 1360531874 | |
| 005 | 20130626162606.23 | |
| 010 | @a978-7-5118-1989-5@dCNY25.00 | |
| 100 | @a20130513d2011 em y0chiy50 ea | |
| 101 | 0 | @achi |
| 102 | @aCN@b110000 | |
| 105 | @ay z 000yy | |
| 106 | @ar | |
| 200 | 1 | @a大题小作@ADa Ti Xiao Zuo@e张丽“北京论语”作品集@EZhang Li“ Bei Jing Lun Yu” Zuo Pin Ji@f张丽著@FZhang Li Zhu |
| 210 | @a北京@c法律出版社@d2011.6 | |
| 215 | @a344页@d21cm | |
| 330 | @a本书选入的文章有:国家收税不是开镰割麦、谈谈“常回家看看”的技术壁垒、黄牛界也分窃钩者与窃国者、端起人生这个牙缸等。 | |
| 517 | 1 | @a张丽“北京论语”作品集@AZhang Li“ Bei Jing Lun Yu” Zuo Pin Ji |
| 606 | 0 | @a时事评论@y中国@z现代@j选集 |
| 606 | 0 | @a时事评论 |
| 690 | @aD609.9@v5 | |
| 701 | 0 | @a张丽@AZhang Li@4著 |
| 801 | @aCN@bTANGWEI@c20130522 | |
| 905 | @b0834840-45@dD609.9@e110@f6 | |
| 大题小作:张丽“北京论语”作品集/张丽著.-北京:法律出版社,2011.6 |
| 344页;21cm |
| ISBN 978-7-5118-1989-5:CNY25.00 |
| 本书选入的文章有:国家收税不是开镰割麦、谈谈“常回家看看”的技术壁垒、黄牛界也分窃钩者与窃国者、端起人生这个牙缸等。 |
| ● |
| 相关链接 |
|
|
|
|
正题名:大题小作
索取号:D609.9/110
 
预约/预借
| 序号 | 登录号 | 条形码 | 馆藏地/架位号 | 状态 | 备注 |
| 1 | 0834840 | 208348402 | 第一样本阅览室/ [索取号:D609.9/110] | 在馆 | |
| 2 | 0834841 | 208348411 | 第一借阅区/ [索取号:D609.9/110] | 在馆 | |
| 3 | 0834842 | 208348420 | 第一借阅区/ [索取号:D609.9/110] | 在馆 | |
| 4 | 0834843 | 208348439 | 第一借阅区/ [索取号:D609.9/110] | 在馆 | |
| 5 | 0834844 | 208348448 | 第一借阅区/ [索取号:D609.9/110] | 在馆 | |
| 6 | 0834845 | 208348457 | 第一借阅区/ [索取号:D609.9/110] | 在馆 |